Bibliografía sumaria sobre la región metropolitana de San José y publicaciones complementarias /

Sin resumen

Guardado en:
書目詳細資料
主要作者: Morales Alvarez, Miguel
其他作者: Cerdas, Joaquín Bernardo
格式: Texto
出版: San José: OFIPLAN
主題:
標簽: 添加標簽
沒有標簽, 成為第一個標記此記錄!

MARC

LEADER 00000 a a2200000 04500
001 19632
003
040
090 |a 078300  
100 |a Morales Alvarez, Miguel  
245 |a Bibliografía sumaria sobre la región metropolitana de San José y publicaciones complementarias /  |c Miguel Morales Alvarez 
260 |a San José:   |b OFIPLAN  
300 |a 44 p  
520 |a Sin resumen  
650 |a BIBLIOGRAFIAS  
700 |a Cerdas, Joaquín Bernardo  
999 |c 11396  |d 11396